00565nam a2200157 i 4500001000300000100002400003245014300027260002300170700001900193700001900212040000800231041000800239080002100247008004100268856009800309bg1 aDOMIŃCZAK, Renata 0aJęzyk niemiecki :bdla studentów kierunku budownictwo Politechniki Białystockiej /cRenata Domińczak, Roman Hajczuk, Anna Zawadzka. aBiałystok,c1981.1 aHAJCZUK, Roman1 aZAWADZKA, Anna cBPK apol a803.0:69](075.8) s pl f |000 0 pol  uhttp://koha.tu.koszalin.pl/cgi-bin/koha/opac-detail.pl?biblionumber=20514yKatalog online BPK